Представление документа в формате RUSMARC

Поле Инд. ПП Название Значение
Тип записи a
Библиографический уровень a
001 Контрольный номер RU/REP/BASE/00010376
005 Дата корректировки 20241017160946.7
200 1_ a Заглавие Доказывание в древнерусском уголовном судопроизводстве
f Первые сведения об ответственности Г.И. Загорский
b Общее обозначение материала Текст
203 a Вид содержания Текст : электронный
210 1_ d Дата издания 2016
300 a Общие примечания Чтение статьи доступно в Источнике
336 a Примечание о виде электронного ресурса PDF
461 _0 1 2001
a Российское правосудие
1 001
463 _1 1 2000
a №6.
v С. 15-19
1 2101
d 2016
1 100
1 2fd2cc687c7d4181a3d3f60f8972e49a
610 0_ a Ключевые слова ПАМЯТНИКИ ЮРИДИЧЕСКОЙ МЫСЛИ, ДОКАЗЫВАНИЕ, УГОЛОВНЫЙ ПРОЦЕСС, ИСТОРИЯ ПРАВА РОССИИ, ДРЕВНЕЕ ПРАВО
700 _1 a Фамилия Загорский
b Имя Г.И.
901 t Тип документа b
w Контрольный № источника f8201945023e431b90a64d889b4bbd5a
905 a Дата ввода 20180314